<?xml version="1.0" encoding="UTF-8"?>
<record
    xmlns:xsi="http://www.w3.org/2001/XMLSchema-instance"
    xsi:schemaLocation="http://www.loc.gov/MARC21/slim http://www.loc.gov/standards/marcxml/schema/MARC21slim.xsd"
    xmlns="http://www.loc.gov/MARC21/slim">

  <leader>00480nam a2200181   4500</leader>
  <controlfield tag="003">SEACOMMC</controlfield>
  <controlfield tag="005">20250429152904.0</controlfield>
  <controlfield tag="008">250101b        |||||||| |||| 00| 0 eng d</controlfield>
  <datafield tag="020" ind1=" " ind2=" ">
    <subfield code="a">978-81-2592-347-3</subfield>
    <subfield code="c">Rs.235.00</subfield>
  </datafield>
  <datafield tag="040" ind1=" " ind2=" ">
    <subfield code="a">SEACOMMC</subfield>
  </datafield>
  <datafield tag="082" ind1=" " ind2=" ">
    <subfield code="a"> 658.15 </subfield>
    <subfield code="b">D 991</subfield>
  </datafield>
  <datafield tag="100" ind1=" " ind2=" ">
    <subfield code="a">Dwivedi, D.N.</subfield>
  </datafield>
  <datafield tag="245" ind1="1" ind2=" ">
    <subfield code="a">Managerial Economics</subfield>
    <subfield code="c">D.N. Dwivedi</subfield>
  </datafield>
  <datafield tag="250" ind1=" " ind2=" ">
    <subfield code="a">6th rev.ed.</subfield>
  </datafield>
  <datafield tag="260" ind1=" " ind2=" ">
    <subfield code="a"> New Delhi </subfield>
    <subfield code="b"> Vikas Publishing House </subfield>
    <subfield code="c"> 2002</subfield>
  </datafield>
  <datafield tag="650" ind1=" " ind2=" ">
    <subfield code="a"> Decision making</subfield>
  </datafield>
  <datafield tag="942" ind1=" " ind2=" ">
    <subfield code="c">BOOK</subfield>
  </datafield>
  <datafield tag="952" ind1=" " ind2=" ">
    <subfield code="0">0</subfield>
    <subfield code="1">0</subfield>
    <subfield code="2">ddc</subfield>
    <subfield code="4">0</subfield>
    <subfield code="7">0</subfield>
    <subfield code="a">SEACOMMC</subfield>
    <subfield code="b">SEACOMMC</subfield>
    <subfield code="c">REF</subfield>
    <subfield code="d">2007-12-19</subfield>
    <subfield code="l">0</subfield>
    <subfield code="o"> 658.15  D 991</subfield>
    <subfield code="p">M-1482</subfield>
    <subfield code="r">2025-01-01 13:39:29</subfield>
    <subfield code="w">2025-01-01</subfield>
    <subfield code="y">BOOK</subfield>
  </datafield>
  <datafield tag="952" ind1=" " ind2=" ">
    <subfield code="0">0</subfield>
    <subfield code="1">0</subfield>
    <subfield code="2">ddc</subfield>
    <subfield code="4">0</subfield>
    <subfield code="7">0</subfield>
    <subfield code="a">SEACOMMC</subfield>
    <subfield code="b">SEACOMMC</subfield>
    <subfield code="d">2007-12-19</subfield>
    <subfield code="l">0</subfield>
    <subfield code="o"> 658.15  D 991</subfield>
    <subfield code="p">M-1483</subfield>
    <subfield code="r">2025-01-01 13:40:06</subfield>
    <subfield code="t">1</subfield>
    <subfield code="w">2025-01-01</subfield>
    <subfield code="y">BOOK</subfield>
  </datafield>
  <datafield tag="952" ind1=" " ind2=" ">
    <subfield code="0">0</subfield>
    <subfield code="1">0</subfield>
    <subfield code="2">ddc</subfield>
    <subfield code="4">0</subfield>
    <subfield code="7">0</subfield>
    <subfield code="a">SEACOMMC</subfield>
    <subfield code="b">SEACOMMC</subfield>
    <subfield code="d">2007-12-19</subfield>
    <subfield code="l">0</subfield>
    <subfield code="o"> 658.15  D 991</subfield>
    <subfield code="p">M-1484</subfield>
    <subfield code="r">2025-01-01 13:40:06</subfield>
    <subfield code="t">2</subfield>
    <subfield code="w">2025-01-01</subfield>
    <subfield code="y">BOOK</subfield>
  </datafield>
  <datafield tag="952" ind1=" " ind2=" ">
    <subfield code="0">0</subfield>
    <subfield code="1">0</subfield>
    <subfield code="2">ddc</subfield>
    <subfield code="4">0</subfield>
    <subfield code="7">0</subfield>
    <subfield code="a">SEACOMMC</subfield>
    <subfield code="b">SEACOMMC</subfield>
    <subfield code="d">2007-12-19</subfield>
    <subfield code="l">0</subfield>
    <subfield code="o"> 658.15  D 991</subfield>
    <subfield code="p">M-1485</subfield>
    <subfield code="r">2025-01-01 13:40:06</subfield>
    <subfield code="t">3</subfield>
    <subfield code="w">2025-01-01</subfield>
    <subfield code="y">BOOK</subfield>
  </datafield>
  <datafield tag="952" ind1=" " ind2=" ">
    <subfield code="0">0</subfield>
    <subfield code="1">0</subfield>
    <subfield code="2">ddc</subfield>
    <subfield code="4">0</subfield>
    <subfield code="7">0</subfield>
    <subfield code="a">SEACOMMC</subfield>
    <subfield code="b">SEACOMMC</subfield>
    <subfield code="d">2007-12-19</subfield>
    <subfield code="l">0</subfield>
    <subfield code="o"> 658.15  D 991</subfield>
    <subfield code="p">M-1486</subfield>
    <subfield code="r">2025-01-01 13:40:06</subfield>
    <subfield code="t">4</subfield>
    <subfield code="w">2025-01-01</subfield>
    <subfield code="y">BOOK</subfield>
  </datafield>
  <datafield tag="999" ind1=" " ind2=" ">
    <subfield code="c">961</subfield>
    <subfield code="d">961</subfield>
  </datafield>
</record>
